Maiores Cidades da Bahia - Statistics

Estatísticas Gerais
  • Esse quiz foi jogado 2 073 vezes
  • A pontuação média é 11 de 25
Respostas no mapa
Respostas codificadas por cores de uma escala verde-vermelha no mapa do quiz de acordo com a % correta abaixo.
 
Estatísticas das Respostas
População Cidade % Correto
2.885.910 Salvador
100%
568.400 Feira de Santana
88%
134.790 Ilhéus
76%
305.410 Vitória da Conquista
75%
123.540 Porto Seguro
71%
177.180 Juazeiro
68%
290.530 Camaçari
61%
208.440 Itabuna
58%
201.640 Lauro de Freitas
55%
141.340 Barreiras
51%
143.310 Jequié
46%
151.780 Teixeira de Freitas
38%
82.330 Luís Eduardo Magalhães
36%
133.110 Alagoinhas
35%
102.120 Paulo Afonso
32%
106.650 Eunápolis
29%
121.710 Simões Filho
29%
67.790 Irecê
23%
89.230 Santo Antônio de Jesus
23%
79.920 Candeias
19%
67.400 Guanambi
18%
70.580 Valença
18%
77.510 Dias d'Ávila
15%
74.550 Itapetinga
15%
61.440 Senhor do Bonfim
14%
Nenhum quiz correspondente encontrado
Distribuição das Pontuações
Porcentagem de Pessoas com Cada Pontuação
Percentil de Números Respondidos
Sua Pontuação Histórica
Você não jogou esse quiz